A Midsummer night's dream

Bibliographic Details
Main Author: SHAKESPEARE, William
Format: Book
Published: London : Routledge , 1993
Series:The Arden Shakespeare
Subjects:

MARC

LEADER 00000cam a2200000 7i4500
001 0000001685
002 000001836
005 20000330.0
020 |a 0415026997 
090 0 0 |a 822.33   |b SHA 
100 1 |a SHAKESPEARE, William 
245 1 2 |a A Midsummer night's dream   |c William Shakespeare ; edited by Harold F. Brooks 
260 |a London :   |b Routledge ,   |c 1993 
300 |a 164p. ;   |c 20cm. 
490 0 |a The Arden Shakespeare 
650 0 0 |a A Midsummer night's dream   |x Drama 
999 |a 034078   |b BUKU   |c PINJAMAN   |e PERPUSTAKAAN KOMUNITI PETALING JAYA